000 00568nam a2200181Ia 4500
008 090124s9999 xx 000 0 und d
082 _b38908
100 _aसुर्वे नाराय़ण
245 _a जाहीरनामा
250 _a2
260 _bपॉप्य़ुलर प्रकाशन
_c2000
300 _a59
600 _aसुर्वे नाराय़ण
630 _a जाहीरनामा
700 _aसुर्वे नाराय़ण
730 _a जाहीरनामा
942 _cBOOK
999 _c104961
_d104961